|
|
|
|
| LEADER |
00879nam a2200229 a 4500 |
| 001 |
423983 |
| 008 |
100110s1989 enka b 001 0 eng d |
| 010 |
|
|
|a 80902318
|
| 040 |
|
|
|a Uk
|c Uk
|d BD-DhAAL
|
| 082 |
0 |
0 |
|a 305.4/2
|2 19
|
| 100 |
1 |
|
|a Buswell,Carol.
|
| 245 |
0 |
0 |
|a Women in contemporary society /
|c Carol Buswell.
|
| 260 |
|
|
|a Basingstoke :
|b Macmillan Education,
|c 1989
|
| 300 |
|
|
|a ix,147p. :
|b ill. ;
|c 22 cm.
|
| 490 |
|
|
|a Issues in sociology
|
| 500 |
|
|
|a Includes Bibliography (p142-145.) and index.
|
| 541 |
1 |
|
|e 00004354
|
| 650 |
|
0 |
|a Women
|x Social conditions.
|
| 830 |
0 |
|
|a Issues in sociology
|
| 852 |
4 |
|
|a Ayesha Abed Library
|j General shelf
|
| 999 |
|
|
|c 7038
|d 7038
|
| 952 |
|
|
|0 0
|1 0
|2 ddc
|4 0
|6 305_420000000000000_BUS_1989
|7 0
|9 7294
|a BRACUL
|b BRACUL
|c GEN
|d 2010-01-19
|g 0.00
|l 4
|m 14
|o 305.42 BUS
|p 3010004354
|q 2026-09-06
|r 2025-01-18
|s 2025-01-18
|t 1
|w 2010-01-19
|y BK
|z Not price in Register
|